Folclore de Chiloé: adivinancero
Saved in:
| Hovedforfatter: | |
|---|---|
| Format: | Bog |
| Sprog: | spansk |
| Udgivet: |
Puerto Montt
Southern
1992
|
| Fag: | |
| Tags: |
Tilføj Tag
Ingen Tags, Vær først til at tagge denne postø!
|
MARC
| LEADER | 00000nam a2200000 a 4500 | ||
|---|---|---|---|
| 001 | UCN6002 | ||
| 003 | CL-VaPUC | ||
| 008 | 010913e19920000CL |||||||||||||||||spa|d | ||
| 082 | 0 | 4 | |a 398.09 |b BAH |2 21 |
| 100 | 0 | |a Bahamonde Tejeda, Heriberto |e author |9 461762 | |
| 245 | 1 | 0 | |a Folclore de Chiloé: adivinancero |
| 300 | |a 140 p | ||
| 942 | |c BK | ||
| 945 | |d 20010913 00:00:00 |a vberengu | ||
| 260 | |a Puerto Montt |b Southern |c 1992 | ||
| 650 | 0 | |a Adivinanzas |9 456588 | |
| 650 | 0 | |a Folklore chileno |9 265536 | |
| 583 | |a last modification |c 20010913 00:00:00 |k Rodrigo Vera | ||
| 999 | |c 297095 |d 297093 | ||
| 952 | |0 0 |1 0 |4 0 |6 398_090000000000000_BAH_1992 |7 0 |8 X |9 351530 |a FDOMLP |b FDOMLP |d 2019-11-21 |i 3752739 |o 398.09 BAH 1992 |p 3752739 |r 2019-11-21 |w 2019-11-21 |y BK_X |k BU2 | ||